|
|
|
|
| LEADER |
00000cam a2200000 7i4500 |
| 001 |
0000009108 |
| 005 |
20101107093000.0 |
| 008 |
101011s1992 my may |
| 090 |
0 |
0 |
|a BF20
|b .S455 1992
|
| 110 |
1 |
|
|a Seminar Kebangsaan PSIMA ke 3,Psikologi dan Wawasan 2020 : Menyediakan keperluan tenaga kerja ,
|d (1992
|c Petaling Jaya Selangor)
|
| 245 |
0 |
0 |
|a Seminar Kebangsaan PSIMA ke 3 :
|b Psikologi dan Wawasan 2020 : Menyediakan keperluan tenaga kerja, 06 - 07 Oktober 1992
|c anjuran Persatuan Psikologi Malaysia (PSIMA)
|
| 260 |
2 |
|
|c Petaling Jaya :
|b Persatuan Psikologi Malaysia (PSIMA) ,
|c 1992
|
| 300 |
|
|
|a 1 j. ;
|c 30 cm.
|
| 505 |
0 |
|
|a 1. Penyediaan kurikulum bagi mencapai matlamat wawasan 2020: peringkat Institusi Pengajian Tinggi -- 2. Mesyuarat penyayang untuk kesejahteeraan psikologi manusia 2020 -- 3. Cognitive core competence for the 21 st century information technology professional -- 4. Manusia baru tahun 2020 : pembinaan personality -- 5. Kesihatan mental/perkhidmatan kesihatan mental untuk kesejahteraan psikologi manusia 2020 -- 6. Latihan kepimpinan untuk mencapai wawasan 2020
|
| 650 |
|
0 |
|a Manpower
|z Malaysia
|x Congresses
|
| 650 |
|
0 |
|a Psychology
|z Malaysia
|x Congresses
|
| 650 |
|
0 |
|a Wawasan 2020
|v Congresses
|
| 710 |
1 |
|
|a Persatuan Psikologi Malaysia
|
| 999 |
|
|
|a 1000055288
|b Seminar Papers
|c Reference
|e Gong Badak Campus
|